Sports Quiz

Random Sports Quiz

AFL: ESSENDON PLAYERS 2010-2019 Quiz Stats

 Plays Quiz not verified by Sporcle

Score 0/108 Timer 07:00
0 Plays Today
FIRST APPEARED PLAYER % Correct
2010Jobe WATSON
94.1%
2010Michael HURLEY
92.2%
2012Jackson MERRETT
92.2%
2014Zach MERRETT
92.2%
2018Devon SMITH
92.2%
2014Joe DANIHER
90.2%
2018Jake STRINGER
90.2%
2010Tom BELLCHAMBERS
88.2%
2011Dyson HEPPELL
88.2%
2019Dylan SHIEL
88.2%
2010Cale HOOKER
86.3%
2010David ZAHARAKIS
84.3%
2010Paddy RYDER
82.4%
2016Anthony McDONALD-TIPUNGWUTI
82.4%
2017Andrew McGRATH
82.4%
2010Brent STANTON
80.4%
2018Adam SAAD
80.4%
2014Orazio FANTASIA
78.4%
2016Darcy PARISH
76.5%
2016Mitch BROWN
74.5%
2018Dylan CLARKE
74.5%
2019Zac CLARKE
74.5%
2010Angus MONFRIES
72.5%
2010Dustin FLETCHER
72.5%
2013Brendon GODDARD
70.6%
2010Courtenay DEMPSEY
68.6%
2010Jake MELKSHAM
66.7%
2015Shaun McKERNAN
66.7%
2010Leroy JETTA
64.7%
2010David MYERS
64.7%
2016James KELLY
64.7%
2010Scott GUMBLETON
62.7%
2010David HILLE
62.7%
2010Travis COLYER
62.7%
2010Stewart CRAMERI
62.7%
2011Michael HIBBERD
62.7%
FIRST APPEARED PLAYER % Correct
2015Conor McKENNA
62.7%
2016Aaron FRANCIS
62.7%
2012Mark BAGULEY
58.8%
2016Matt DEA
58.8%
2014Martin GLEESON
54.9%
2016Jake LONG
54.9%
2010Nathan LOVETT-MURRAY
52.9%
2010Mark McVEIGH
51%
2010Andrew WELSH
51%
2010Jake CARLISLE
51%
2015Kyle LANGFORD
51%
2010Jason WINDERLICH
49%
2015Paul CHAPMAN
49%
2016Matthew STOKES
49%
2010Ricky DYSON
47.1%
2010Brent PRISMALL
47.1%
2010Mark WILLIAMS
47.1%
2016Ryan CROWLEY
47.1%
2017Josh GREEN
47.1%
2010Alwyn DAVEY
45.1%
2016Matthew LEUENBERGER
45.1%
2016Michael HARTLEY
45.1%
2018Josh BEGLEY
45.1%
2010Jay NEAGLE
39.2%
2010Ben HOWLETT
39.2%
2017James STEWART
39.2%
2019Brayden HAM
39.2%
2010Heath HOCKING
37.3%
2015Adam COONEY
37.3%
2015Jayden LAVERDE
37.3%
2015James GWILT
37.3%
2016Mason REDMAN
37.3%
2010Tayte PEARS
35.3%
2016Craig BIRD
35.3%
2018Matt GUELFI
35.3%
2016Jonathan SIMPKIN
33.3%
FIRST APPEARED PLAYER % Correct
2019Tom JOK
31.4%
2014Patrick AMBROSE
29.4%
2015Shaun EDWARDS
29.4%
2016Sam GRIMLEY
29.4%
2017Ben McNEICE
29.4%
2015Jonathan GILES
27.5%
2016Nathan GRIMA
27.5%
2010Kyle REIMERS
25.5%
2012Nick O'BRIEN
25.5%
2016Mark JAMAR
25.5%
2018Jordan RIDLEY
25.5%
2010Jarrod ATKINSON
23.5%
2010Bachar HOULI
23.5%
2016Sam MICHAEL
23.5%
2018Kobe MUTCH
23.5%
2019Brandon ZERK-THATCHER
23.5%
2010Henry SLATTERY
21.6%
2010Tyson SLATTERY
21.6%
2011Alex BROWNE
21.6%
2013Nick KOMMER
21.6%
2013Will HAMS
21.6%
2019Will SNELLING
21.6%
2010Sam LONERGAN
19.6%
2014Ariel STEINBERG
17.6%
2016James POLKINGHORNE
17.6%
2010Kyle HARDINGHAM
13.7%
2011Michael ROSS
13.7%
2012Corey DELL'OLIO
13.7%
2014Jason ASHBY
13.7%
2010Michael QUINN
11.8%
2012Elliott KAVANAGH
9.8%
2010Marcus MARIGLIANI
7.8%
2012Brendan LEE
5.9%
2013Lauchlan DALGLEISH
5.9%
2014Kurt AYLETT
3.9%
2014Dylan VAN UNEN
2%

You're not logged in!

Compare scores with friends on all Sporcle quizzes.
OR
Log In

Sporcle TV

Today on Sporcle TV


Watch our educational content, quiz creation guides, and fun videos on Sporcle TV.

Show Comments

Extras

Created Sep 9, 2019SourceReportNominate
Tags:AFL, between, essendon, player

Top Quizzes Today


Score Distribution

Your Account Isn't Verified!

In order to create a playlist on Sporcle, you need to verify the email address you used during registration. Go to your Sporcle Settings to finish the process.

Report this User

Report this user for behavior that violates our Community Guidelines.

Details: